000 00343nam a2200145Ia 4500
008 230917s9999||||xx |||||||||||||| ||und||
040 _e75263
_aMAIN
041 _aEnglish
082 _a658.8 C839O
100 _aCox, John C
245 0 _aOptions markets
260 _aNew Jersey
_bPrentice-Hall
_c1985
300 _avii, 498 p.
942 _cBK
999 _c58439
_d58439